Pampeliškové víno /
Autorovy vzpomínky na dětství, které jsou plné poetiky, metafor a fantazie.
Uloženo v:
| Hlavní autor: | |
|---|---|
| Další autoři: | |
| Médium: | E-kniha |
| Jazyk: | Czech |
| Vydáno: |
Zlín :
Kniha Zlin,
2025
|
| Vydání: | Vydání třetí |
| Témata: | |
| Tagy: |
Žádné tagy |
| LEADER | 02855nam a2200577 i 4500 | ||
|---|---|---|---|
| 001 | 312791 | ||
| 003 | CZ PrSKC | ||
| 005 | 20260601215729.0 | ||
| 007 | ta | ||
| 008 | 250804s2025 xr g 000 facze | ||
| 015 | |a cnb003698254 | ||
| 020 | |a 9788076628915 |q (vázáno) | ||
| 035 | |a (OCoLC)1549631407 | ||
| 040 | |a OLA001 |b cze |e rda | ||
| 041 | 1 | |a cze |h eng | |
| 045 | |a x2x2 | ||
| 072 | 7 | |a 821.111(73)-3 |x Americká próza |2 Konspekt | |
| 072 | 7 | |a 929 |x Biografie |2 Konspekt | |
| 080 | |a 821.111(73)-31 |2 MRF | ||
| 080 | |a 821.111(73)-051 |2 MRF | ||
| 080 | |a 929 |2 MRF | ||
| 080 | |a (0:82-312.6) |2 MRF | ||
| 100 | 1 | |a Bradbury, Ray, |d 1920-2012 |7 jn19990001008 |4 aut | |
| 240 | 1 | 0 | |a Dandelion wine. |l Česky |7 aun20201089061 |
| 245 | 1 | 0 | |a Pampeliškové víno / |c Ray Bradbury ; z anglického originálu Dandelion wine ... přeložil Tomáš Hrách |
| 250 | |a Vydání třetí | ||
| 264 | 1 | |a Zlín : |b Kniha Zlin, |c 2025 | |
| 300 | |a 269 stran ; |c 21 cm | ||
| 336 | |a text |b txt |2 rdacontent | ||
| 337 | |a bez média |b n |2 rdamedia | ||
| 338 | |a svazek |b nc |2 rdacarrier | ||
| 504 | |a Obsahuje bibliografické odkazy | ||
| 520 | 2 | |a Autorovy vzpomínky na dětství, které jsou plné poetiky, metafor a fantazie. |b Léto roku 1928 v malém městečku ve státě Illinois je viděno očima dvanáctiletého chlapce. Tady se odehrávají závažné i malicherné problémy dospívání, uvědomování si vlastní existence, vyrovnávání se s realitou života a smrti uprostřed několikagenerační rodiny, přátel i typických figurek malého města. Půvabná, třebaže poněkud nostalgická knížka o dětství a o světě, který je nenávratně ztracený. | |
| 600 | 1 | 7 | |a Bradbury, Ray, |d 1920-2012 |7 jn19990001008 |2 czenas |
| 648 | 4 | |a 1928 | |
| 648 | 7 | |a 20.-21. století |7 ch462155 |2 czenas | |
| 650 | 0 | 7 | |a američtí spisovatelé |7 ph117171 |y 20.-21. století |2 czenas |
| 650 | 0 | 7 | |a američtí spisovatelé |7 ph117171 |x dětství |2 czenas |
| 650 | 0 | 9 | |a American authors |y 20th-21st centuries |2 eczenas |
| 650 | 0 | 9 | |a American authors |x childhood |2 eczenas |
| 655 | 7 | |a americké romány |7 fd131796 |2 czenas | |
| 655 | 7 | |a autobiografické romány |7 fd131852 |2 czenas | |
| 655 | 9 | |a American fiction |2 eczenas | |
| 655 | 9 | |a autobiographical novels |2 eczenas | |
| 700 | 1 | |a Hrách, Tomáš, |d 1967-2000 |7 jo2002100677 |4 trl | |
| 900 | |a ABA001 |b 20 | ||
| 928 | 9 | |a Albatros Media - Kniha Zlin | |
| 044 | |a xr | ||
| 910 | |a RBIT002 | ||
| 998 | |d 421945 |a https://core.palmknihy.cz/api/books/421945/cover?t19vsj |b https://core.palmknihy.cz/api/books/421945/cover/400?t19vsj |c https://core.palmknihy.cz/api/books/421945/cover/50?t19vsj |e 2029-06-10 |g 272 |i 9788076628915 |j https://core.palmknihy.cz/api/books/421945/preview.epub |k https://core.palmknihy.cz/api/books/421945/preview.pdf |l |q 49 |r 1 |s https://www.palmknihy.cz/kniha/421945 |t ebook |y 2025 |z 0 | ||
| 999 | |d 312789 | ||